000
00323nam a22001457a 4500
008
221010b ||||| |||| 00| 0 eng d
020
_a
9780683045062
041
_a
eng
080
_2
CO EDITION
_a
61
082
_a
61 KAM
100
_a
5
101
_a
MJEK
245
_a
MEDICAL CONSULTATION
_c
WILLIAM K
942
_2
udc
_c
BK
999
_c
58443
_d
58443